| 000 | 00384nam a22001337a 4500 | ||
|---|---|---|---|
| 082 |
_a625.725 _bHIG _cD |
||
| 110 |
_aAISC Marketing ,Inc. _943529 |
||
| 245 |
_aHighway Structures Design Handbook / _cAISC Marketing ,Inc. |
||
| 260 |
_aUSA : _bAISC Marketing ,Inc. _c1986. |
||
| 300 | _aMisc Pages | ||
| 526 |
_a0 _b0 _c0 _d625_725000000000000_HIG |
||
| 650 |
_aMCE _9379 |
||
| 942 |
_2ddc _cBK |
||
| 999 |
_c547323 _d547323 |
||